000 00608nam a2200181Ia 4500
008 100921s9999 xx 000 0 und d
082 _b35297
_a891.463 न 02
100 _aआचार्य नयना.
245 _aनरोत्तम.
260 _bमंगल दीप प्रकाशन, पुणे.
_c2002
300 _a192
_bजयेश एजन्सी,पुणे.
365 _b155
520 _aललित-कादंबरी.
630 _aनरोत्तम.
650 _aललित-कादंबरी.
730 _aनरोत्तम.
942 _cBOOK
999 _c784410
_d784407